000 00498nam a2200181Ia 4500
005 20250923144350.0
008 008 250917s9999 xx 000 0 eng d
037 _aTextual
040 _aDSWL
_beng
_cDSWL
041 _aeng
_2eng
084 _aYX,ZB, N22;3
_qDSWL
100 _aRichmond, Mary E
_9824149
245 0 _aWhat is social case work?
_cby Mary E Richmond
260 _c1939
300 _a268 p.
942 _cTEXL
_hYX,ZB, N22;3
999 _c1437956
_d1437956